000 01510nam a2200397 a 4500
001 ebr10580580
003 CaPaEBR
006 m u
007 cr cn|||||||||
008 120322s2012 dcua sb 000 0 eng d
010 _z 2012011906
020 _z9780821387146 (alk. paper)
020 _z9780821387153 (e-book)
040 _aCaPaEBR
_cCaPaEBR
035 _a(OCoLC)808344436
050 1 4 _aHD5715
_b.R54 2012eb
082 0 4 _a658.3/124
_223
245 0 4 _aThe right skills for the job?
_h[electronic resource] :
_brethinking training policies for workers /
_cRita Almeida, Jere Behrman, and David Robalino, editors.
260 _aWashington, D.C. :
_bWorld Bank,
_c2012.
300 _axvi, 169 p. :
_bill.
490 1 _aHuman development perspectives
504 _aIncludes bibliographical references.
533 _aElectronic reproduction.
_bPalo Alto, Calif. :
_cebrary,
_d2013.
_nAvailable via World Wide Web.
_nAccess may be limited to ebrary affiliated libraries.
650 0 _aOccupational training.
650 0 _aEmployees
_xTraining of.
650 0 _aVocational education.
650 0 _aManpower policy.
655 7 _aElectronic books.
_2local
700 1 _aAlmeida, Rita.
700 1 _aBehrman, Jere.
700 1 _aRobalino, David.
710 2 _aWorld Bank.
710 2 _aebrary, Inc.
830 0 _aHuman development perspectives.
856 4 0 _uhttp://site.ebrary.com/lib/rucke/Doc?id=10580580
_zAn electronic book accessible through the World Wide Web; click to view
999 _c84815
_d84815